Madre y rival (Registro nro. 32708)

Detalles MARC
000 -LEADER
campo de control de longitud fija 00613nam a2200205 i 4500
001 - NÚMERO DE CONTROL
campo de control 32708
003 - IDENTIFICADOR DE NÚMERO DE CONTROL
campo de control ES-MaACL
005 - FECHA Y HORA DE LA ÚLTIMA TRANSACCIÓN
campo de control 20240522063033.0
007 - CAMPO FIJO DE DESCRIPCIÓN FÍSICA--INFORMACIÓN GENERAL
campo de control de longitud fija t|
008 - DATOS DE LONGITUD FIJA--INFORMACIÓN GENERAL
campo de control de longitud fija 030131s1957 sp ||||1| spa d
100 0# - ENTRADA PRINCIPAL--NOMBRE DE PERSONA
Nombre de persona Benoit, Pierre,
Fechas asociadas al nombre 1886-1962
9 (RLIN) 27757
245 10 - MENCIÓN DEL TÍTULO
Título Madre y rival
Resto del título : novela /
Mención de responsabilidad, etc. Pierre Benoit ; [traducción de R. Ballester Escalas].
260 ## - PUBLICACIÓN, DISTRIBUCIÓN, ETC.
Lugar de publicación, distribución, etc. Barcelona :
Nombre del editor, distribuidor, etc. Mateu,
Fecha de publicación, distribución, etc. [1957] (
Fabricante Saturno)
300 ## - DESCRIPCIÓN FÍSICA
Extensión 253 p. ;
Dimensiones 19 cm.
490 1# - MENCIÓN DE SERIE
Mención de serie Pluma
700 1# - ENTRADA AGREGADA--NOMBRE PERSONAL
Nombre de persona Ballester Escalas, R.
9 (RLIN) 25014
830 1# - PUNTO DE ACCESO ADICIONAL DE SERIE-TÍTULO UNIFORME
Título uniforme Pluma
9 (RLIN) 181962
852 ## - LOCALIZACIÓN
Ubicación ES-MaACL
Número de control de estantería C-14433
Existencias
Estatus retirado Estado de pérdida Estado de daño No para préstamo Biblioteca de origen Biblioteca actual Ubicación en estantería Fecha de adquisición Fuente de adquisición Total de préstamos Signatura topográfica completa Código de barras Visto por última vez Precio de reemplazo Tipo de ítem Koha
        Biblioteca del Ateneo de Madrid Biblioteca del Ateneo de Madrid Ficheros 17/01/2008     C-14433 1033928 23/02/2023 23/02/2023 Libro impreso